| 000 | 00687 a2200205 4500 | ||
|---|---|---|---|
| 010 | _aENG-86068 | ||
| 020 | _a8187671580 | ||
| 035 | _aEN-69601 | ||
| 037 | _bDBAD / PUB | ||
| 082 | 1 | 4 | _a291.4 |
| 245 | 1 |
_aSoulful living : _bthe process of personal transformation / _cedited by Rick Nurrie Stearns, Mary Nurrie Stearns and Melissa West |
|
| 260 |
_aChennai _bWestland Books _c2006 |
||
| 270 |
_aNew No. 571, P.H.Road, Aminjikarai _bChennai _cTamil Nadu _e600 029 |
||
| 300 |
_axv, 391p. _c21 cm (pbk) |
||
| 500 | _aIncludes index | ||
| 700 | _aNurrie Stearns, Rick | ||
| 700 | _aNurrie Stearns, Mary | ||
| 700 | _aWest, Melissa | ||
| 942 |
_adpl _cEN _2ddc _h291.4 _mSOU |
||
| 999 |
_c4079 _d4079 |
||